000 00414nam a2200181Ia 4500
001 15481
005 20260306170159.0
008 260306t2005||||xx |||||||||||||| ||und||
041 _aESP
082 _a541.3
_bB18
100 _aBall, David W.
_eAUT
245 0 _aFisicoquímica1
260 _c2005
300 _axviii, 837 páginas :
_c28 cm.
650 _aGEN
654 _aCCN
942 _cLIB
_dJUS
_fJUS
_2ddc
_n
999 _c15481
_d15481